000 00639nam a2200181 a 4500
001 3666
005 20140414131903.0
008 060922s19uu xx 00 eng d
020 _a0-440-40337-5
050 _aFIC
_bF45 1957
100 _aField, Rachel
245 _aHitty :
_bher first hundred years /
_cby Rachel Field.
260 _aNew York :
_bBantam doubleday dell books for young reader,
_cc1957.
300 _a262 p. ; cm.
500 _aA Newberry Award Medal Winner
520 _aThis is the story of the first hundred years of Hitty's life. And that's only the beginning for a doll as special as Hitty.
999 _c110762
_d110762